[Event "Frankfurt-ch"]
[Site "Frankfurt"]
[Date "2009.06.15"]
[Round "5"]
[White "Herwig Paeutz, Martin"]
[Black "Grohmueller, Robert"]
[Result "1-0"]
[WhiteElo "1506"]
[BlackElo "1302"]
[PlyCount "57"]
[EventDate "2009.04.27"]
[EventType "tourn"]
[EventRounds "7"]
[EventCountry "GER"]
[SourceTitle "EXT 2010"]
[Source "ChessBase"]
[SourceDate "2010.11.25"]
[SourceVersion "1"]
[SourceVersionDate "2010.11.25"]
[SourceQuality "1"]

1. e4 e6 2. d4 d5 3. e5 Nd7 4. Bd3 c5 5. c3 cxd4 6. cxd4 Qb6 7. Nf3 Ne7 8. 0-0 h6 9. b3 Nc6 10. Be3 Bb4 11. a3 Be7 12. b4 a6 13. Nc3 f6 14. Bg6+ Kd8 15. Bf7 fxe5 16. dxe5 Qc7 17. Bxe6 Ncxe5 18. Nxd5 Nxf3+ 19. Qxf3 Ne5 20. Qd1 Qd6 21. Bb6+ Ke8 22. Nc7+ Kf8 23. Qxd6 Bxd6 24. Nxa8 Bxe6 25. Bc5 Be7 26. Nc7 Kf7 27. Nxe6 Kxe6 28. Rfe1 Bf6 29. f4 1-0

[Event "Frankfurt-ch"]
[Site "Frankfurt"]
[Date "2007.04.30"]
[Round "1"]
[White "Ruebsamen, Dietmar"]
[Black "Grohmueller, Robert"]
[Result "1-0"]
[WhiteElo "1842"]
[BlackElo "1346"]
[PlyCount "41"]
[EventDate "2007.04.30"]
[EventType "swiss"]
[EventRounds "7"]
[EventCountry "GER"]
[SourceTitle "EXT 2008"]
[Source "ChessBase"]
[SourceDate "2007.11.25"]
[SourceVersion "1"]
[SourceVersionDate "2007.11.25"]
[SourceQuality "1"]

1. Nf3 Nf6 2. g3 d5 3. Bg2 c6 4. 0-0 Bf5 5. d3 e6 6. Nbd2 Nbd7 7. Qe1 Bd6 8. e4 dxe4 9. dxe4 Bg4 10. e5 Bb4 11. exf6 Nxf6 12. c3 Bd6 13. Nc4 Bc7 14. Qd1 Qe7 15. b4 Rd8 16. Qb3 0-0 17. Ne3 Bh5 18. a3 c5 19. bxc5 Qxc5 20. a4 Qc6 21. Nd4 1-0

[Event "Hessen-ch qual-E"]
[Site "Erlensee"]
[Date "2007.04.06"]
[Round "2"]
[White "Voellinger, Florian"]
[Black "Grohmueller, Robert"]
[Result "1-0"]
[WhiteElo "1314"]
[BlackElo "1452"]
[PlyCount "79"]
[EventDate "2007.04.06"]
[EventType "swiss"]
[EventRounds "5"]
[EventCountry "GER"]
[SourceTitle "CBM 117 Extra"]
[Source "ChessBase"]
[SourceDate "2007.05.09"]
[SourceVersion "1"]
[SourceVersionDate "2007.05.09"]
[SourceQuality "1"]

1. d4 d5 2. c4 Nf6 3. Nc3 e6 4. cxd5 Nxd5 5. Nf3 Bb4 6. Bd2 Nc6 7. e3 a6 8. Rc1 0-0 9. Bd3 b5 10. 0-0 Bb7 11. a3 Bd6 12. Ne4 Be7 13. Nc5 Bc8 14. Nxe6 Bxe6 15. Rxc6 Nf6 16. Ba5 Bd6 17. e4 Bd7 18. Rc1 Bf4 19. Rc2 Rc8 20. e5 Nd5 21. Be4 Be6 22. Rc6 Nb6 23. b3 Bd5 24. Bxd5 Qxd5 25. Qc2 Qd7 26. Rd1 Rfe8 27. Re1 Re6 28. Rxe6 Qxe6 29. Qc5 Qxb3 30. Bxb6 Qc4 31. Qxc4 bxc4 32. Ba5 c5 33. d5 Re8 34. Re4 g5 35. h4 h6 36. Rxc4 Bxe5 37. Nxe5 Rxe5 38. Rxc5 Re4 39. hxg5 hxg5 40. d6 1-0